Oral Literature: (Record no. 9383)
[ view plain ]
| 000 -LEADER | |
|---|---|
| fixed length control field | 00534nam a2200157 4500 |
| 008 - FIXED-LENGTH DATA ELEMENTS--GENERAL INFORMATION | |
| fixed length control field | 151026b xxu||||| |||| 00| 0 eng d |
| 020 ## - INTERNATIONAL STANDARD BOOK NUMBER | |
| International Standard Book Number | 9789966461599 |
| 050 ## - LIBRARY OF CONGRESS CALL NUMBER | |
| Classification number | PN 989 .A35 2014 |
| 100 ## - MAIN ENTRY--PERSONAL NAME | |
| Personal name | Akivaga, S. Kichamu |
| Dates associated with a name | 2014 |
| 245 ## - TITLE STATEMENT | |
| Title | Oral Literature: |
| Remainder of title | A School Certificate Course |
| Statement of responsibility, etc. | S. Kichamu Akivaga, A. Bole Odaga |
| 260 ## - PUBLICATION, DISTRIBUTION, ETC. (IMPRINT) | |
| Place of publication, distribution, etc. | Nairobi: |
| Name of publisher, distributor, etc. | East African Educational Publishers, |
| Date of publication, distribution, etc. | 2014. |
| 300 ## - PHYSICAL DESCRIPTION | |
| Extent | xii, 134p.: |
| 650 ## - SUBJECT ADDED ENTRY--TOPICAL TERM | |
| Topical term or geographic name as entry element | Literature |
| 700 ## - ADDED ENTRY--PERSONAL NAME | |
| Personal name | Odaga, A. Bole |
| 942 ## - ADDED ENTRY ELEMENTS (KOHA) | |
| Source of classification or shelving scheme | |
| Koha item type | Short Loan Books |
| Classification part | PN 989 .A35 2014 |
| Withdrawn status | Lost status | Source of classification or shelving scheme | Damaged status | Not for loan | Home library | Current library | Date acquired | Total Checkouts | Full call number | Barcode | Date last seen | Price effective from | Koha item type |
|---|---|---|---|---|---|---|---|---|---|---|---|---|---|
| MACHAKOS UNIVERSITY LIBRARY | MACHAKOS UNIVERSITY LIBRARY | 26/10/2015 | PN 989 .A35 2014 | 16983 | 26/10/2015 | 26/10/2015 | Short Loan Books |